| 000 | 00404nam a2200133Ia 4500 | ||
|---|---|---|---|
| 008 | 231129s2010||||xx |||||||||||||| ||spa|| | ||
| 020 | _a978-958-714-458-1 | ||
| 040 | _bspa | ||
| 082 | _a305.4 F329 | ||
| 245 | 0 | _aFeminidades : sacrificio y negociación en el tiempo de los derechos | |
| 260 | _c2010 | ||
| 264 | _aEditorial Universidad de Antioquia | ||
| 942 |
_2ddc _cBKS |
||
| 999 |
_c13911 _d13911 |
||